| Поле | Название | Значение |
| |
Тип записи |
c |
| |
Библиографический уровень |
m |
| 001 |
Контрольный номер |
UONB/MAIN/fdc9371bb9f244bc87fb595c1918b4c4 |
| 005 |
Дата корректировки |
20250911165332.6 |
| 010 |
Индекс ISBN |
__ |
| 9 |
Тираж |
25000 экз. |
| 013 |
Номер (ISMN) |
__ |
| d |
Цена |
90 к. |
| 071 |
Издательские номер (звукозапись и ноты) |
21 |
| a |
Номер, присвоенный агентством |
12756 |
| 100 |
Данные общей обработки |
__ |
| a |
Данные общей обработки |
20250907d1985 u y0rusy0189 ca |
| 101 |
Язык документа |
0_ |
| a |
Язык текста |
rus |
| f |
Язык титульного листа |
rus |
| 102 |
Страна публикации |
__ |
| a |
Страна публикации |
RU |
| 125 |
Кодированные данные звукозаписи и нотных изданий |
__ |
| a |
Форма изложения нотного текста |
с| |
| 128 |
Кодированные данные (звукозаписи-физические характеристики) |
__ |
| a |
Кодированные данные: Музыкальная форма и тональность или лад |
li |
| c |
Инструменты или голоса, рекомендуемые для солистов (устаревшее) |
vu|| |
| 200 |
Заглавие и сведения об ответственности |
1_ |
| a |
Заглавие |
Старинные русские романсы |
| e |
Сведения, относящиеся к заглавию |
для голоса в сопровождении фортепиано |
| f |
Первые сведения об ответственности |
составитель Н. Кольцов |
| 203 |
Вид содержания и тип средства |
__ |
| a |
Вид содержания |
Музыка |
| b |
Характеристика содержания |
знаковая |
| c |
Тип средства |
непосредственная |
| 210 |
Выходные данные |
1_ |
| a |
Место издания |
Москва |
| c |
Издательство |
Музыка |
| d |
Дата издания |
1985 |
| 215 |
Физическое описание |
__ |
| a |
Объем |
64 с. |
| d |
Формат |
29 см |
| 327 |
Примечание о содержании |
11 |
| a |
Примечание о содержании |
Содерж.: Булахов П. Не пробуждай воспоминаний... / сл. Н. Н. Малашкин Л. О, если б мог выразить в звуке... / сл. Г. Лишина. Лодыженский П. Пронеслись мимолетные грезы... / сл. неизв. автора. Гуэрчиа А. Нет, не любил он! / сл. неизв. автора. Муз. Б. Б. Дремлют плакучие ивы... / сл. А. тимофеева. Спиро А. Ночи безумные... / сл. А. Апухтина. Прозоровский Б. Снежинки / сл. О. Осенина. Зубов Н. Побудь со мной! / сл. А. Блока. Кейль Б. Нет, нет не хочу! / сл. А. Сурина. Гронский Н. Молчи, грусть, молчи! / сл. А. А. Ф. Перротте М. Тихо, так тихо / сл. и муз. М. Перротте. Николаев Д. Благодарю тебя за счастье прежних дней / сл. Е. Минеевой. Кобан И. Я хочу вам сказать / сл. и муз. И. Кобана. Баторин П. У камина / сл. и муз. П. Баторина. Ширяев Н. Тебя любить, обнять и плакать над тобой... / сл. А. Фета. Дризо Л. Мы встретились случайно / сл. и муз. Л. Дризо ; Уйди, совсем уйди / сл. Верещагина. Фельдман Я. Встречи случайные, встречи минутные / сл. А. Гассельблата ; Ямщик, не гони лошадей!.. / сл. Н. Риттера. Калишевский Л. Завяла сирень / сл. и муз. Л. Калишевского. Березовский Гр. Аромат тубероз / сл. А. Френкель. Белой акации гроздья душистые / обраб. М. Штейнберга. Толстой М. Мы вышли в сад / сл. А. Толстой. Муз. неизвест. авт. Мне снился день / сл. Т. Толстой ; обработка К. Волкова. Гадание : цыг. песня / сл. и обработка Н. Кручинина. Юрьев Б. Динь-динь-динь! / сл. и муз. Б. Юрьева. - Фомин Б. Дорогой длинною / сл. К. Подревского |
| 464 |
Аналитический уровень |
_0 |
| 1 |
|
700 1 |
| a |
|
Булахов |
| b |
|
П. |
| 1 |
|
702 1 |
| a |
|
Н. Н. |
| 4 |
|
520 |
| 1 |
|
2001 |
| a |
|
Не пробуждай воспоминаний... |
| 464 |
Аналитический уровень |
_0 |
| 1 |
|
700 1 |
| a |
|
Малашкин |
| b |
|
Л. |
| 1 |
|
702 1 |
| a |
|
Лишин |
| b |
|
Г. |
| 4 |
|
520 |
| 1 |
|
2001 |
| a |
|
О, если б мог выразить в звуке... |
| 464 |
Аналитический уровень |
_0 |
| 1 |
|
700 1 |
| a |
|
Лодыженский |
| b |
|
П. |
| 1 |
|
702 1 |
| a |
|
Слова неизвестного автора |
| 4 |
|
520 |
| 1 |
|
2001 |
| a |
|
Пронеслись мимолетные грезы... |
| 464 |
Аналитический уровень |
_0 |
| 1 |
|
036 |
| t |
|
Он говорил мне: "Будь ты моею..." |
| 1 |
|
700 1 |
| a |
|
Гуэрчиа |
| b |
|
А. |
| 1 |
|
702 1 |
| a |
|
Слова неизвестного автора |
| 4 |
|
520 |
| 1 |
|
2001 |
| a |
|
Нет, не любил он! |
| 464 |
Аналитический уровень |
_0 |
| 1 |
|
700 1 |
| a |
|
Б. Б. |
| 1 |
|
702 1 |
| a |
|
Тимофеев |
| b |
|
А. |
| 4 |
|
520 |
| 1 |
|
2001 |
| a |
|
Дремлют плакучие ивы... |
| 464 |
Аналитический уровень |
_0 |
| 1 |
|
036 |
| t |
|
Ночи безумные, ночи бессонные... |
| 1 |
|
700 1 |
| a |
|
Спиро |
| b |
|
А. |
| 1 |
|
702 1 |
| a |
|
Апухтин |
| b |
|
А. |
| 4 |
|
520 |
| 1 |
|
2001 |
| a |
|
Ночи безумные... |
| 464 |
Аналитический уровень |
_0 |
| 1 |
|
036 |
| t |
|
Как снежинки последние тают... |
| 1 |
|
700 1 |
| a |
|
Прозоровский |
| b |
|
Б. |
| 1 |
|
702 1 |
| a |
|
Осенин |
| b |
|
О. |
| 1 |
|
2001 |
| a |
|
Снежинки |
| 464 |
Аналитический уровень |
_0 |
| 1 |
|
036 |
| t |
|
Не уходи, побудь со мною... |
| 1 |
|
700 1 |
| a |
|
Зубов |
| b |
|
Н. |
| 1 |
|
702 1 |
| a |
|
Блок |
| b |
|
А. |
| 4 |
|
520 |
| 1 |
|
2001 |
| a |
|
Побудь со мной! |
| 464 |
Аналитический уровень |
_0 |
| 1 |
|
036 |
| t |
|
Разлюбила и довольно... |
| 1 |
|
700 1 |
| a |
|
Кейль |
| b |
|
Б. |
| 1 |
|
702 1 |
| a |
|
Сурин |
| b |
|
А. |
| 4 |
|
520 |
| 1 |
|
2001 |
| a |
|
Нет, нет не хочу! |
| 464 |
Аналитический уровень |
_0 |
| 1 |
|
036 |
| t |
|
Тоска, печаль, надежды ушли... |
| 1 |
|
700 1 |
| a |
|
Гронский |
| b |
|
Н. |
| 1 |
|
702 1 |
| a |
|
А. А. Ф. |
| 4 |
|
520 |
| 1 |
|
2001 |
| a |
|
Молчи, грусть, молчи! |
| 464 |
Аналитический уровень |
_0 |
| 1 |
|
036 |
| t |
|
Чуть задумаюсь я о былом... |
| 1 |
|
700 1 |
| a |
|
Перротте |
| b |
|
М. |
| 1 |
|
702 1 |
| a |
|
Перротте |
| b |
|
М. |
| 1 |
|
2001 |
| a |
|
Тихо, так тихо |
| 464 |
Аналитический уровень |
_0 |
| 1 |
|
700 1 |
| a |
|
Николаев |
| b |
|
Д. |
| 1 |
|
702 1 |
| a |
|
Минеева |
| b |
|
Е. |
| 4 |
|
520 |
| 1 |
|
2001 |
| a |
|
Благодарю тебя за счастье прежних дней |
| 464 |
Аналитический уровень |
_0 |
| 1 |
|
036 |
| t |
|
Я хочу, всё хочу вам сказать... |
| 1 |
|
700 1 |
| a |
|
Кобан |
| b |
|
И. |
| 1 |
|
702 1 |
| a |
|
Кобан |
| b |
|
И. |
| 4 |
|
520 |
| 1 |
|
2001 |
| a |
|
Я хочу вам сказать |
| 464 |
Аналитический уровень |
_0 |
| 1 |
|
036 |
| t |
|
Ты сидишь одиноко и смотришь с тоской... |
| 1 |
|
700 1 |
| a |
|
Баторин |
| b |
|
П. |
| 1 |
|
702 1 |
| a |
|
Баторин |
| b |
|
П. |
| 4 |
|
520 |
| 1 |
|
2001 |
| a |
|
У камина |
| 464 |
Аналитический уровень |
_0 |
| 1 |
|
036 |
| t |
|
Сияла ночь. Луной был полон сад... |
| 1 |
|
700 1 |
| a |
|
Ширяев |
| b |
|
Н. |
| 1 |
|
702 1 |
| a |
|
Фет |
| b |
|
А. |
| 4 |
|
520 |
| 1 |
|
2001 |
| a |
|
Тебя любить, обнять и плакать над тобой... |
| 464 |
Аналитический уровень |
_0 |
| 1 |
|
700 1 |
| a |
|
Дризо |
| b |
|
Л. |
| 1 |
|
702 1 |
| a |
|
Дризо |
| b |
|
Л. |
| 4 |
|
520 |
| 1 |
|
2001 |
| a |
|
Мы встретились случайно |
| 464 |
Аналитический уровень |
_0 |
| 1 |
|
700 1 |
| a |
|
Дризо |
| b |
|
Л. |
| 1 |
|
702 1 |
| a |
|
Верещагин |
| 4 |
|
520 |
| 1 |
|
2001 |
| a |
|
Уйди, совсем уйди / сл. Верещагина |
| 464 |
Аналитический уровень |
_0 |
| 1 |
|
700 1 |
| a |
|
Фельдман |
| b |
|
Я. |
| 1 |
|
702 1 |
| a |
|
Гассельблат |
| b |
|
А. |
| 4 |
|
520 |
| 1 |
|
2001 |
| a |
|
Встречи случайные, встречи минутные |
| 464 |
Аналитический уровень |
_0 |
| 1 |
|
2001 |
| a |
|
Ямщик, не гони лошадей!.. / сл. Н. Риттера |
| 464 |
Аналитический уровень |
_0 |
| 1 |
|
036 |
| t |
|
Помнишь ли сад и скамью у сирени... |
| 1 |
|
700 1 |
| a |
|
Калишевский |
| b |
|
Л. |
| 1 |
|
702 1 |
| a |
|
Калишевский |
| b |
|
Л. |
| 4 |
|
520 |
| 1 |
|
2001 |
| a |
|
Завяла сирень |
| 464 |
Аналитический уровень |
_0 |
| 1 |
|
700 1 |
| a |
|
Березовский |
| b |
|
Г. |
| 1 |
|
702 1 |
| a |
|
Френкель |
| b |
|
А. |
| 4 |
|
520 |
| 1 |
|
2001 |
| a |
|
Аромат тубероз |
| 464 |
Аналитический уровень |
_0 |
| 1 |
|
702 1 |
| a |
|
Штейнберг |
| b |
|
М. |
| 4 |
|
030 |
| 1 |
|
2001 |
| a |
|
Белой акации гроздья душистые... |
| 464 |
Аналитический уровень |
_0 |
| 1 |
|
036 |
| t |
|
Мы вышли в сад. Чуть слышно трепетали... |
| 1 |
|
700 1 |
| a |
|
Толстой |
| b |
|
М. |
| 1 |
|
702 1 |
| a |
|
Толстая |
| b |
|
А. |
| 4 |
|
520 |
| 1 |
|
2001 |
| a |
|
Мы вышли в сад |
| 464 |
Аналитический уровень |
_0 |
| 1 |
|
036 |
| t |
|
Мне снился день, который не вернется... |
| 1 |
|
700 1 |
| a |
|
Музыка неизвестного автора |
| 1 |
|
702 1 |
| a |
|
Толстая |
| b |
|
Т. |
| 4 |
|
520 |
| 1 |
|
702 1 |
| a |
|
Волков |
| b |
|
К. |
| 4 |
|
030 |
| 1 |
|
2001 |
| a |
|
Мне снился день |
| 464 |
Аналитический уровень |
_0 |
| 1 |
|
036 |
| t |
|
Возьму я карты да погадаю... |
| 1 |
|
702 1 |
| a |
|
Кручинин |
| b |
|
Н. |
| 4 |
|
520 |
| 4 |
|
030 |
| 1 |
|
2001 |
| a |
|
Гадание |
| e |
|
цыганская песня |
| 464 |
Аналитический уровень |
_0 |
| 1 |
|
036 |
| t |
|
В лунном сияньи снег серебрится... |
| 1 |
|
700 1 |
| a |
|
Юрьев |
| b |
|
Б. |
| 1 |
|
702 1 |
| a |
|
Юрьев |
| b |
|
Б. |
| 4 |
|
520 |
| 1 |
|
2001 |
| a |
|
Динь-динь-динь! |
| 464 |
Аналитический уровень |
_0 |
| 1 |
|
036 |
| t |
|
Ехали на тройке с бубенцами... |
| 1 |
|
700 1 |
| a |
|
Фомин |
| b |
|
Б. |
| 1 |
|
702 1 |
| a |
|
Подревский |
| b |
|
К. |
| 4 |
|
520 |
| 1 |
|
2001 |
| a |
|
Дорогой длинною |
| 606 |
Тематические рубрики |
0_ |
| a |
Основная рубрика |
Сольное пение |
| x |
Основная подрубрика |
Романсы русских композиторов |
| x |
Основная подрубрика |
Старинные романсы |
| 610 |
Ключевые слова |
0_ |
| a |
Ключевые слова |
сольное пение; романсы русских композиторов; старинные романсы и песни |
| 686 |
Индексы других классификаций |
__ |
| a |
Классификационный индекс |
85.943.4-043.3(28)я43 |
| 2 |
Код системы |
rubbk |
| 686 |
Индексы других классификаций |
__ |
| 2 |
Код системы |
rubbk |
| 702 |
Вторичная интеллектуальная ответственность |
_1 |
| a |
Фамилия |
Кольцов |
| b |
Имя (инициалы) |
Н. Ф. |
| g |
Полное личное имя |
Николай Федорович |
| 4 |
Код отношения |
220 |
| 801 |
Источник записи |
_0 |
| a |
Страна |
RU |
| b |
Организация |
Ульяновская ОНБ |
| c |
Дата составления |
20250907 |
| g |
Правила каталогизации |
RCR |
| 801 |
Источник записи |
_1 |
| a |
Страна |
RU |
| b |
Организация |
Ульяновская ОНБ |
| c |
Дата составления |
20250907 |
| 901 |
Тип документа |
__ |
| t |
Тип документа |
m |
| 909 |
Создатель записи |
__ |
| a |
Создатель записи |
Никитина Т. А. |
| b |
Дата создания записи |
20250907 |